Top 10 Sunderland Premier League Appearances - Statistics

General Stats
  • This quiz has been taken 70 times
  • The average score is 5 of 10
Answer Stats
Player Apps % Correct
Kevin Phillips 139
85%
Niall Quinn 129
75%
Lee Cattermole 169
64%
John O'Shea 189
59%
Seb Larsson 176
49%
Michael Gray 170
42%
Adam Johnson 122
41%
Phil Bardsley 174
41%
Thomas Sørensen 126
41%
Kieran Richardson 134
27%
No matching quizzes found
Score Distribution
Percent of People with Each Score
Percentile by Number Answered
Your Score History
You have not taken this quiz